F1 Drivers by Picture (2000s) - Statistics

General Stats
  • This quiz has been taken 147 times
  • The average score is 14 of 20
Answer Stats
Picture Answer % Correct
Michael Schumacher
98%
Fernando Alonso
96%
Lewis Hamilton
96%
Mark Webber
92%
Nico Rosberg
89%
Jenson Button
88%
Kimi Räikkönen
87%
Felipe Massa
85%
David Coulthard
83%
Rubens Barrichello
76%
Robert Kubica
75%
Ralf Schumacher
68%
Juan Pablo Montoya
63%
Heikki Kovalainen
47%
Jarno Trulli
43%
Nick Heidfeld
43%
Giancarlo Fisichella
42%
Takuma Satō
42%
Timo Glock
39%
Pedro de la Rosa
34%
No matching quizzes found
Score Distribution
Percent of People with Each Score
Percentile by Number Answered
Your Score History
You have not taken this quiz